|
|
|
|
| LEADER |
00000nam0a2200000 4500 |
| 001 |
251400 |
| 005 |
20231101232644.0 |
| 020 |
|
|
|a RU
|b 89-32748ж
|
| 035 |
|
|
|a (RuTPU)RU\TPU\book\273689
|
| 035 |
|
|
|a RU\TPU\book\183945
|
| 090 |
|
|
|a 251400
|
| 100 |
|
|
|a 20091114d1988 k y0rusy5003 ca
|
| 101 |
0 |
|
|a rus
|
| 102 |
|
|
|a RU
|
| 105 |
|
|
|a a z 001zy
|
| 200 |
1 |
|
|a Экономия электроэнергии в электроэнергетических системах
|e сборник научных трудов
|f Московский энергетический институт ; под ред. В. П. Морозкина
|
| 210 |
|
|
|a Москва
|c Изд-во МЭИ
|d 1988
|
| 215 |
|
|
|a 210 с.
|c ил.
|d 20 см
|
| 225 |
1 |
|
|a Сборник научных трудов
|v № 187
|
| 320 |
|
|
|a Библиогр. в конце ст.
|
| 606 |
1 |
|
|a Электрическая энергия
|x Экономия
|2 stltpush
|3 (RuTPU)RU\TPU\subj\26896
|9 50730
|
| 606 |
1 |
|
|a Энергетические системы
|x Режим работы
|x Оптимизация
|2 stltpush
|3 (RuTPU)RU\TPU\subj\21271
|9 46290
|
| 610 |
1 |
|
|a энергетические системы
|
| 610 |
1 |
|
|a режим работы
|
| 610 |
1 |
|
|a оптимизация
|
| 610 |
1 |
|
|a электроснабжение
|
| 610 |
1 |
|
|a оптимальное управление
|
| 610 |
1 |
|
|a автоматизированное управление
|
| 610 |
1 |
|
|a энергоресурсы
|
| 675 |
|
|
|a 621.311.004.13
|z rus
|v 3
|
| 675 |
|
|
|a 621.311.017
|z rus
|v 3
|
| 702 |
|
1 |
|a Морозкин
|b В. П.
|4 340
|
| 712 |
0 |
2 |
|a Московский энергетический институт (МЭИ)
|c (1930-1992)
|2 stltpush
|3 (RuTPU)RU\TPU\col\20092
|
| 801 |
|
0 |
|a RU
|b RuMRKP
|c 19950417
|g psbo
|
| 801 |
|
1 |
|a RU
|b 63413507
|c 20140221
|
| 801 |
|
2 |
|a RU
|b 63413507
|c 20150119
|g RCR
|
| 942 |
|
|
|c BK
|